000 00288nam a2200133Ia 4500
999 _c7201
_d7201
008 200302s9999 xx 000 0 und d
020 _a978026260023
100 _aAlan B Jacobs
245 _aGreat streets
260 _bMIT Press
_c1995
260 _c1978
300 _a185
942 _2ddc